Statistics for En Vogue Discography

Click here to take the quiz!

General Stats

  • This quiz has been taken 8 times
    (5 since last reset)
  • The average score is 5 of 14

Answer Stats

YearNameType% Correct
1992Funky DivasAlbum
100%
1990Born to SingAlbum
75%
1997EV3Album
75%
2000Masterpiece TheatreAlbum
50%
1991Remix to SingEP
50%
1993Runaway LoveEP
50%
1999Best of En VogueCompilation
25%
2018Electric CaféAlbum
25%
2004Soul FlowerAlbum
25%
2002The Gift of ChristmasHoliday Album
25%
2001Very Best of En VogueCompilation
25%
2004Live in Alabama 2002Live Album
0%
2015Rufftown Presents En VogueEP
0%
2007The Platinum CollectionCompilation
0%

Score Distribution

Percentile by Number Answered

Percent of People with Each Score

Your Score History

You have not taken this quiz since the last reset